Les caprices de Marianne & Fantasio (Comedies)

Guardat en:
Dades bibliogràfiques
Autor principal: Musset
Format: Llibre
Idioma:French
Publicat: París, Francia Ediciones Quetzal 1942
Matèries:
Etiquetes: Afegir etiqueta
Sense etiquetes, Sigues el primer a etiquetar aquest registre!

MARC

LEADER 00000nam a2200000Ia 4500
008 170316s9999 xx 000 0 fre d
040 |a cru BVZT 
090 |a 840 M-29c 
100 |a Musset 
245 |a Les caprices de Marianne & Fantasio (Comedies) 
260 |a París, Francia 
260 |b Ediciones Quetzal 
260 |c 1942 
300 |a 128 páginas 
650 |a LITERATURA FRANCESA 
999 |c 7844  |d 7844 
942 |c 15 D  |h 840 M-29c  |2 z